Biblioteca

The end of the world as we know it? Is new technology rendering human labor obsolete? (Registro nro. 56663)

Detalles MARC
000 -LÍDER
Campo fijo de descripción fija 003370000a22001090004500
100 1# - ASIENTO PRINCIPAL--NOMBRE PERSONAL
Nombre personal Bandoch, William V. Jr
245 10 - TÍTULO
Título del Material The end of the world as we know it? Is new technology rendering human labor obsolete?
300 ## - DESCRIPCIÓN FÍSICA
Extensión Vol. 47, Num 3 (Marzo, 1997), Páginas 158-159
700 1# - ASIENTO SECUNDARIO - NOMBRE PERSONAL
Nombre personal Block, Walter
773 0# - HOST ITEM ENTRY
Title The Freeman
942 ## - TIPO DE MATERIAL (KOHA)
Tipo de Item KOHA Artículos de Revista
Existencias
Estado de Material Estado de Perdido Estado de Dañado No para Préstamo Colección Biblioteca de Origen Biblioteca Permanente Fecha de Adquisición Total de Préstamos Signatura Topográfica Última vez visto Fecha de Remplazo Tipo de Material
        Colección de Hemeroteca Biblioteca FUSBC Biblioteca FUSBC 26/01/2016   26/01/2016 26/01/2016 Artículos de Revista

Biblioteca FUSBC | Teléfono: (57+4) 349 88 10 Ext. 141| WhatsApp (+57) 3005338115 
E-mail: biblioteca@unisbc.edu.co | Calle 76 87-14 Robledo Palenque, Medellín, Colombia

Con tecnología Koha